| 000 | 01047nam a2200277Ia 4500 | ||
|---|---|---|---|
| 003 | OSt | ||
| 005 | 20220923210936.0 | ||
| 006 | a|||||r|||| 00| 0 | ||
| 007 | ta | ||
| 008 | 220922b |||||||| |||| 00| 0 hin d | ||
| 020 |
_a8121406897 (hbk) _c150 |
||
| 024 | _a324,649 | ||
| 037 |
_b1293, 13/03/2018, Akshar Publishers & Distributors _cTextual |
||
| 040 |
_aARTS _cARTS _bhin |
||
| 041 |
_2hin _ahin |
||
| 082 | _aO152,3N4011x, N9 | ||
| 100 |
_aअंसल, कुसुम, ले. _9156440 |
||
| 245 | 0 | _aधुएं की ईमानदारी | |
| 246 | _aDhuean kī īmānadārī | ||
| 260 |
_aनई दिल्ली _b नेशनल पब्लिशिंग हाउस _c1999 |
||
| 300 |
_a120पृ. _ccm. |
||
| 650 |
_a हिन्दी साहित्य _9156264 |
||
| 650 |
_aहिन्दी कहानी _9156441 |
||
| 942 |
_hO152,3N4011x, N9 _cTEXL _2CC |
||
| 999 |
_c293096 _d293096 |
||